<?xml version="1.0" encoding="UTF-8"?>
<marc:record xmlns:marc="http://www.loc.gov/MARC21/slim">
   <marc:leader>00000nam a2200000 a 4500</marc:leader>
   <marc:datafield ind1="1" ind2=" " tag="100">
      <marc:subfield code="a">Laatsch, Monika</marc:subfield>
      <marc:subfield code="4">aut</marc:subfield>
      <marc:subfield code="e">Verfasser/-in</marc:subfield>
   </marc:datafield>
   <marc:datafield ind1=" " ind2=" " tag="653">
      <marc:subfield code="a">Wandern</marc:subfield>
   </marc:datafield>
   <marc:datafield ind1=" " ind2=" " tag="653">
      <marc:subfield code="a">Aktivreisen/Europa</marc:subfield>
   </marc:datafield>
   <marc:datafield ind1=" " ind2=" " tag="653">
      <marc:subfield code="a">Pilgern</marc:subfield>
   </marc:datafield>
   <marc:datafield ind1=" " ind2=" " tag="653">
      <marc:subfield code="a">Caminho Português</marc:subfield>
   </marc:datafield>
   <marc:datafield ind1=" " ind2=" " tag="653">
      <marc:subfield code="a">Porto</marc:subfield>
   </marc:datafield>
   <marc:datafield ind1=" " ind2=" " tag="653">
      <marc:subfield code="a">Reisebericht</marc:subfield>
   </marc:datafield>
   <marc:datafield ind1="0" ind2="0" tag="245">
      <marc:subfield code="a">Langsam kommt man auch ans Ziel</marc:subfield>
   </marc:datafield>
   <marc:datafield ind1="0" ind2="0" tag="245">
      <marc:subfield code="b">Fußpilgererlebnisse auf dem Caminho Português von Porto bis ans „Ende der Welt“ ; [in Tagebuchform für Jung und Alt</marc:subfield>
   </marc:datafield>
   <marc:datafield ind1="0" ind2="0" tag="245">
      <marc:subfield code="c">Monika Laatsch</marc:subfield>
   </marc:datafield>
   <marc:datafield ind1=" " ind2="1" tag="264">
      <marc:subfield code="a">Leipzig</marc:subfield>
      <marc:subfield code="b">Engelsdorfer Verl.</marc:subfield>
      <marc:subfield code="c">2013</marc:subfield>
   </marc:datafield>
   <marc:datafield ind1="1" ind2=" " tag="520">
      <marc:subfield code="a">Angaben aus der Verlagsmeldung

Langsam kommt man auch ans Ziel : Fußpilgererlebnisse auf dem Caminho Português von Porto bis ans „Ende der Welt“ / von Monika Laatsch

Liebe Leserinnen und liebe Leser, sehr wohl weiß ich in meinem fortgeschrittenen Alter (Jahrgang 1949), dass sich Menschen auf weitaus abenteuerlichere Reisen einlassen. Doch welcher »Normalbürger« kommt schon in solche Situationen? Ich möchte Sie – liebe Leser/innen – mit diesem Buch auffordern, sich raus aus den Lasten des täglichen Lebens in die Natur zu begeben; und wie kann man Land und Leute besser kennen lernen, als zu Fuß? Diesen landschaftlich reizvollen Jakobsweg bei herrlichstem Sommerwetter zu gehen, ist ein Erlebnis der besonderen Art für mich gewesen. Meine Schilderungen sind in keiner Weise konfessionell geprägt. Vielmehr berichte ich authentisch von den täglichen Begegnungen und Empfindungen einer »Neu-Pilgerin«. Mein Buch ist eine leicht zu lesende, beschwingt und humorvoll geschriebene Lektüre für Jung und Alt in Tagebuchform. Es ersetzt keinen Reiseführer! Begeben Sie sich mit mir noch einmal zurückblickend auf diesen reizvollen Weg.
</marc:subfield>
   </marc:datafield>
   <marc:datafield ind1=" " ind2=" " tag="020">
      <marc:subfield code="a">9783954884186</marc:subfield>
      <marc:subfield code="9">9783954884186</marc:subfield>
   </marc:datafield>
   <marc:datafield ind1=" " ind2=" " tag="041">
      <marc:subfield code="a">ger</marc:subfield>
   </marc:datafield>
   <marc:datafield ind1=" " ind2=" " tag="300">
      <marc:subfield code="a">165 S.</marc:subfield>
   </marc:datafield>
</marc:record>
